Normal view
MARC view
- MCS - Wavelet based Denoising, Electrical Engineering - MS Thesis
Entry Topical Term
001 - CONTROL NUMBER
- control field: 35558
003 - CONTROL NUMBER IDENTIFIER
- control field: NUST
005 - DATE AND TIME OF LATEST TRANSACTION
- control field: 20210105095447.0
008 - FIXED-LENGTH DATA ELEMENTS
- fixed length control field: 210105|| aca||aabn | a|a d
040 ## - CATALOGING SOURCE
- Original cataloging agency: NUST
- Transcribing agency: NUST
150 ## - HEADING--TOPICAL TERM
- Topical term or geographic name entry element: MCS - Wavelet based Denoising, Electrical Engineering - MS Thesis
670 ## - SOURCE DATA FOUND
- Source citation: Work cat.: (NUST)540828: Ali, Omar 35055, Wavelet based Denoising of Medical Images Using Hidden Markov Model, 2017
